| 000 | 00448nam a22001577a 4500 | ||
|---|---|---|---|
| 003 | OSt | ||
| 005 | 20260102111840.0 | ||
| 007 | 68 PAGES | ||
| 008 | 260102b |||||||| |||| 00| 0 eng d | ||
| 020 | _a9788183286015 | ||
| 040 | _c | ||
| 082 |
_a150 _bMEU |
||
| 245 |
_aDopamine Detox _bA simple guide to eliminate distractions and train your brain to do hard things _cMeurisse,Thibaut |
||
| 260 |
_bWisdom tree _c2023 |
||
| 942 |
_2ddc _cBK _k150 _mMEU _n0 |
||
| 999 |
_c36304 _d36304 |
||